01473agaaa2200289 45000010005000000030009000050050017000140070009000310080040000400400023000800410013001031000052001161300021001682450183001892500022003722600119003943000033005135080151005465110090006975200127007875380016009145460013009306500056009437000064009997000058010637000062011219019IT-RoPAU20220918181229.0d cvaizq50131s9999||||xx ||| | || ||und|| aIT-RoPAUcIT-RoPAU aITALIANO aBertolucci BernardogCodice regista SPICS: 9230 aCONFORMISTA (IL) aCONFORMISTA (IL)cProdotto da: Lodi Fe' Maurizio -- Sceneggiatura: Bertolucci Bernardo -- Diretto da: Bertolucci BernardopCONFORMISTA (IL) (Rif. Codice opera principale : 29019) aEdizione Standard aROMA - PARIGI (ITALIA)bMARS FILM - MARIANNE / Distribuzione: RAIg"1971 (1° ed.: 1985 ; Ed. Lingua Orig.: 1971)" aVHSbsonoro, col.c90 minuti a"Fotografia: Storaro Vittorio; Montaggio: Arcalli Franco; Musica: Delerue Georges; Sceneggiatura: Bertolucci Bernardo; Scenografia: Azzini Nedo; " a"Trintignant Jean-Louis; Sandrelli Stefania; Moschin Gastone; Tarascio Enzo; Quaglio" aOMOSESSUALITA' ASSASSINI POLIZIA SEGRETA FASCISTA LA VICENDA SI SVOLGE NEGLI ANNI INTORNO AL 1940 FILM DRAMMATICO A COLORI aPAL, STEREO aITALIANO aDRAMMATICOeFILMS [VHS]xCodice MATERIA SPICS: 9960 aBertolucci Bernardo e(regista)gCodice regista SPICS: 9230 aDelerue Georgese(musica)gCodice Musica SPICS: 10858 aMoravia Alberto e(soggetto)gCodice Soggetto SPICS: 3587